000 01205nam a2200373 i 4500
999 _c200429665
_d47589
003 TR-AnTOB
005 20211025102832.0
008 130117s2012 tu a b 001 0 tur d
020 _a9789750219900
040 _aITU
_erda
_beng
_cTR-AnTOB
041 0 _atur
049 _aITUM
050 0 0 _aTJ213
_b.E34 2012
090 _aTJ213
_b.E34 2012
100 1 _aEfe, Mehmet Önder
_4author
_9119984
245 1 0 _aOtomatik kontrol sistemleri :
_b[MATLAB destekli analiz ve tasarım yaklaşımı ile] /
_cMehmet Önder Efe.
264 _aAnkara :
_bSeçkin,
_c2012.
300 _a420 sayfa :
_bill. ;
_c24 cm.
336 _aText
_btxt
_2rdacontent.
337 _aUnmediated
_bn
_2rdamedia.
338 _aVolume
_bnc
_2rdacarrier.
500 _aDizin var.
504 _aKaynakça : s. 303.
530 _aKarton kapak.
630 0 0 _aMATLAB.
650 0 _aNumerical analysis
_xData processing
_92439
650 7 _aOtomatik kontrol
_2
_92826
650 0 _aEngineering mathematics
_xData processing
_9672
650 0 _aMühendislik matematiği
_xVeri işleme
_921187
650 0 _aAutomatic control
_9735
650 7 _aSayısal analiz
_xVeri işleme
_2etuturkob
_93603
942 _2lcc
_cBK